Où se situe la marque de Fairy Tail de ces mages? - Statistiques

Statistiques générales
  • Ce quiz a été pris 96 fois
  • Le résultat moyen est 10 sur 19
Statistiques - réponses
Hint Réponse % Correct
Happy Dos
87%
Lucy Main droite
81%
Wendy Épaule droite
72%
Gajil Épaule gauche
71%
Bixrow Langue
71%
Fried Main gauche
69%
Kanna Ventre
69%
Natsu Bras droit
67%
Erza Bras gauche
66%
Makarov Poitrine
64%
Mirajane Cuisse gauche
61%
Lisanna Cuisse gauche
61%
Jubia Cuisse gauche
61%
Elfman Cou
47%
Grey Pectoral droit
27%
Luxus Pectoral gauche
22%
Gildarts Pectoral gauche
22%
Reby Omoplate gauche
17%
Evergreen Clavicule droite
7%
Aucun quiz correspondant
Distribution des résultats
% des personnes avec chaque résultat
Percentile par nombre de réponses
Votre historique - résultats
Vous n’avez pas pris ce quiz